|
|
|
|
| LEADER |
00000cam a2200000 7i4500 |
| 001 |
0000004022 |
| 005 |
20150107.0 |
| 020 |
0 |
0 |
|a 9832181259
|
| 090 |
0 |
0 |
|a 634.92
|b ITTO 2002
|
| 245 |
1 |
0 |
|a A model project for coast analysis to achive sustainable forest management
|c by Forest Research Institute Malaysia (FRIM)
|
| 260 |
0 |
0 |
|a Kepong, Selangor :
|b FRIM ,
|c 2002
|
| 300 |
|
|
|a xix.288p. :
|b ill. ;
|c 26cm.
|
| 650 |
0 |
0 |
|a Forest management---Cost effectiveness
|
| 650 |
0 |
0 |
|a Sustainable forest---Cost effectiveness
|
| 710 |
1 |
1 |
|a FRIM
|
| 998 |
|
|
|a JPSM
|
| 999 |
|
|
|a 007837
|b Monograph
|c Open Shelf
|e Default branch
|